000 00771cam a2200229 4500
001 2245
005 20181127164819.0
008 881006s1990 maua f 001 0 eng
010 _a 88063034
020 _a0312035454
100 1 _aKennedy, X. J.
245 1 4 _aThe Bedford guide for college writers :
_bwith readings and handbook /
_cX.J. Kennedy and Dorothy M. Kennedy.
250 _a2nd ed.
260 _aBoston, MA :
_bBedford Books of St. Martin's Press,
_cc1990.
300 _aviii, 216p. :
_bill. ;
_c24 cm.
500 _aIncludes index.
650 0 _aCollege readers.
650 0 _aEnglish language
_xGrammar
_xHandbooks, manuals, etc.
650 0 _aEnglish language
_xRhetoric.
650 0 _aReport writing.
700 1 _aKennedy, Dorothy M.
_q(Dorothy Mintzlaff)
999 _c1781
_d1781